000 00366nam a2200145Ia 4500
008 230917s9999||||xx |||||||||||||| ||und||
040 _e129055
_aMAIN
041 _aEnglish
082 _a332.46 R83S
100 _aRuddar Datt
245 0 _aSecond generation economic reforms in India
260 _aNew Delhi
_bDeep & Deep
_c2001
300 _a481 p.
942 _cBK
999 _c108164
_d108164